Score 0/15 Timer 03:00
1 Play Today
% Correct
Fudge
95.9%
Badge
95.6%
Lodge
95.1%
Smudge
94.9%
Nudge
94.5%
Dodge
94.5%
Cartridge
94%
Judge
93.9%
% Correct
Hedge
93.8%
Grudge
92.1%
Wedge
91%
Sledge
90.2%
Ridge
88.3%
Ledge
88%
Cadge
85.2%
Remove Ads.
Support Sporcle.
Get the best of Sporcle when you Go Orange. This ad-free experience offers more features, more stats, and more fun while also helping to support Sporcle. Thank you for becoming a member.

You're not logged in!

Compare scores with friends on all Sporcle quizzes.
OR
Log In

Sporcle TV

Today on Sporcle TV


Watch our educational content, quiz creation guides, and fun videos on Sporcle TV.

Show Comments

Extras

Top Quizzes Today


Score Distribution

Paid Content

Your Account Isn't Verified!

In order to create a playlist on Sporcle, you need to verify the email address you used during registration. Go to your Sporcle Settings to finish the process.

Report this User

Report this user for behavior that violates our Community Guidelines.

Details: